000 00563nam a22002177a 4500
003 UA-OsUOA
001 39084
007 ta
008 20060608b un ||||| |||| 00| 0 ukr d
100 _aГончаренко Валерій
090 _a32
_bГ11
942 _cSA
040 _aUA-OsUOA
_bukr
_cUA-OsUOA
_dUA-OsUOA
245 _aПшениця росте не на Хрещатику
300 _a4-5 с.
955 _a0
041 _aukr
080 _a32
773 0 _w39081
_tУкраїна- business
_dК.
_d2006
_g20
650 7 _a32 Політика
_2UDC
999 _c325230
_d325230